00255pab a2200109 454500008004000000245002800040260000900068300001200077362001200089650001000101773003400111180718b1991 xxu||||| |||| 00| 0 eng d aReview of women studies c1991 aWS50-99 a26 Oct. aWomen aEconomic and Political Weekly